タイトルに★または☆が含まれるVOCALOID伝説入り曲 - Statistics

General Stats
  • This quiz has been taken 38 times
  • The average score is 4 of 11
Answer Stats
曲名 % Correct
ルカルカ★ナイトフィーバー
77%
ブラック★ロックシューター
74%
ポジティブ☆ダンスタイム
40%
くるみ☆ぽんちお
34%
メグメグ☆ファイアーエンドレスナイト
34%
リリリリ★バーニングナイト
34%
ポッピンキャンディ☆フィーバー!
29%
一触即発☆禅ガール
17%
ダンシング☆サムライ
14%
恋はきっと急上昇☆
14%
スーパーマーケット☆フィーバー
6%
No matching quizzes found
Score Distribution
Percent of People with Each Score
Percentile by Number Answered
Your Score History
You have not taken this quiz